[Event "Paris GCT 2018-Blitz"]
[Site "Paris"]
[Date "2018.06.24"]
[Round "19"]
[White "Nakamura, Hikaru"]
[Black "Karjakin, Sergey"]
[Result "1/2-1/2"]
[WhiteElo "2769"]
[BlackElo "2782"]
[Annotator "TA"]
[PlyCount "96"]
[EventDate "2018.06.23"]
[EventType "tourn"]
[EventCountry "FRA"]
[SourceTitle "playchess.com"]
[Source "ChessBase"]
[SourceQuality "1"]

{[%evp 23,96,5,10,10,10,9,9,6,23,23,23,23,31,23,29,23,23,23,23,21,21,17,17,18,18,18,18,16,32,16,16,16,11,14,18,0,0,0,0,-8,0,0,0,0,0,0,0,0,0,-52,-52,-52,-52,-52,-55,-80,-68,-196,-8,-8,-8,-8,-8,-8,-8,-8,0,0,0,0,0,0,0,0,0]} 1. d4 {Krasenkow,M} Nf6 2. c4 e6 3. Nf3 d5 4. Nc3 Be7 5. Bf4 O-O 6. e3 Nbd7 7. c5 Nh5 8. Bd3 {D37: Queen's Gambit Declined: 5 Bf4} Nxf4 9. exf4 b6 10. b4 a5 11. a3 c6 12. O-O Qc7 {LiveBook: 110 Games} 13. g3 Ba6 14. Bxa6 Rxa6 15. Qe2 Rfa8 {[#] Hoping for ...axb4.} 16. b5 $146 cxb5 $1 {[#]} 17. Nxd5 $1 {[%mdl 512]} exd5 18. Qxe7 Rc8 $1 {[%cal Rb6c5]} 19. Rfb1 bxc5 20. Rxb5 {White wants to play Ne5.} Re6 21. Qg5 h6 22. Qxd5 Rd6 $1 {[%cal Rd6d5]} 23. Qc4 {Threatens to win with Rc1.} cxd4 24. Qxc7 Rxc7 25. Rxa5 d3 {Threatening ...d2.} 26. Rd1 Kh7 27. Rb5 Rc2 28. Rb4 Nc5 29. Rd4 (29. Kg2 {seems wilder.} Rc3 30. a4 Ra3 31. Nd2 Ra2 32. Kf3) 29... Rxd4 $1 30. Nxd4 $11 {[%mdl 4096] Endgame KRN-KRN} Ra2 31. Nb5 Kg6 32. Kg2 f5 33. Kf3 Ne4 34. Rxd3 Rxf2+ 35. Ke3 Rxh2 36. g4 ({White should try} 36. a4 $11) 36... Rh3+ $15 37. Kd4 Rxd3+ 38. Kxd3 {KN-KN} Nc5+ $1 39. Kd4 {[#]} Nb3+ $1 40. Kc3 (40. Ke3 $1 $15) 40... Na5 $2 (40... fxg4 $19 41. Kxb3 h5) 41. gxf5+ $11 {The position is equal.} Kxf5 42. Nd4+ $1 Kg4 43. Kd3 h5 44. f5 h4 {aiming for ...h3.} 45. Ke2 Nc4 46. a4 Kg3 {Strongly threatening ...h3.} 47. Kf1 h3 {...h2 is the strong threat.} 48. Kg1 Kf4 {Precision: White = 71%, Black = 74%.} 1/2-1/2

[Event "Paris GCT 2018-Blitz"]
[Site "Paris"]
[Date "2018.06.24"]
[Round "19"]
[White "Aronian, Levon"]
[Black "Kramnik, Vladimir"]
[Result "1-0"]
[WhiteElo "2764"]
[BlackElo "2787"]
[Annotator "TA"]
[PlyCount "131"]
[EventDate "2018.06.23"]
[EventType "tourn"]
[EventCountry "FRA"]
[SourceTitle "playchess.com"]
[Source "ChessBase"]
[SourceQuality "1"]

{[%evp 21,131,17,20,0,0,0,0,0,0,0,0,0,0,-37,-31,-33,-35,-46,-46,-46,-46,-48,-38,-54,-49,-87,-14,-14,-10,-16,-8,-7,-9,-12,0,0,0,0,0,0,0,0,0,0,0,0,0,0,0,0,0,0,0,0,0,0,0,0,0,0,0,0,0,0,0,-146,-125,-119,-131,-108,-81,-82,115,126,144,0,2,0,0,-16,-22,-833,-768,-551,-324,-283,0,0,0,0,0,-327,-327,-29974,-29974,-29974,-29975,-5089,0,0,29988,29989,29991,29992,29993,29993,29993,29993,29994,29995,29995,29996]} 1. e4 e6 2. d4 d5 3. Nc3 Nf6 4. Bg5 dxe4 5. Nxe4 Nbd7 6. Nf3 h6 7. Nxf6+ Nxf6 8. Be3 Bd6 {C10: French with 3 Nc3: Unusual Black 3rd moves and 3...dxe4} 9. Bd3 b6 10. Qe2 Bb7 11. O-O-O Nd5 {LiveBook: 7 Games} 12. c4 $146 ({Predecessor:} 12. Kb1 Qf6 13. Nd2 O-O 14. Ne4 Qe7 15. c3 Bf4 16. g3 Bxe3 17. fxe3 {0-1 (37) Duda,J (2534)-Ivanchuk,V (2731) Tromsoe 2013}) 12... Nxe3 13. fxe3 Qe7 14. e4 e5 15. c5 bxc5 16. dxe5 Bxe5 17. Bb5+ c6 18. Nxe5 Qxe5 19. Bc4 Bc8 20. Rhf1 Be6 21. Bxe6 Qxe6 22. Kb1 O-O 23. Rf5 Rab8 (23... Rad8 $17 24. Rc1 Rd4 25. Rfxc5 Rxe4) 24. Rxc5 $11 Rb4 25. Qc2 $1 Rfb8 26. b3 Rxe4 27. Rxc6 Qe8 28. Rc1 Rd4 29. Rc8 Rd8 30. Rxb8 Rxb8 {[%mdl 4096] Endgame KQR-KQR} 31. Qc5 Qe4+ 32. Rc2 a6 33. Kb2 Rd8 34. g3 g6 35. Qc3 Qe6 36. Qc6 Qe5+ 37. Qc3 Rd4 38. a4 h5 39. Ka2 Qd5 40. Ka3 Rd3 41. Qc4 Qd6+ 42. Ka2 Kg7 43. Qc6 (43. Rf2 $11) 43... Qxc6 $1 $17 44. Rxc6 {KR-KR} Rd2+ $1 45. Ka3 Rxh2 46. Rxa6 h4 $2 (46... Rh3 $17 {keeps the pressure on.}) 47. gxh4 $16 Rxh4 {[#]} 48. a5 (48. Rd6 $1 $16) 48... g5 {[%cal Bg6g5,Bg5g4,Bg4g3,Bg3g2][%mdl 32]} 49. Rb6 g4 {White must now prevent ...g3.} 50. Rb4 {aiming for a6.} f5 {Threatens to win with ...g3.} 51. a6 $2 {[%mdl 8192]} (51. Rf4 $11 Kf6 52. Rf1) 51... Rh8 $19 52. Rf4 Kf6 53. b4 {[#]} Kg5 $2 ({Black should try} 53... Ke5 $1 $19 {[%cal Re5f4]} 54. Rf1 f4) 54. Rf1 $1 $11 {Hoping for b5.} g3 (54... f4 $5 55. b5 $8 g3 $15) 55. b5 Ra8 56. Kb4 $2 {[%mdl 8192]} (56. Ra1 $11 {and White is okay.} f4 57. Kb2) 56... f4 $19 {[%cal Bf5f4,Bf4f3][%mdl 32]} 57. Ka5 $2 (57. Rg1 $19 Kg4 58. Ra1) 57... g2 58. Rg1 f3 59. b6 Kf4 $2 ({Black should play} 59... Kf5 $19 {And now ...f2 would win.} 60. b7 Re8) 60. b7 $11 Rh8 $2 {[%mdl 8192]} (60... f2 $11 61. bxa8=Q fxg1=Q 62. Qf8+ Ke4 63. Qe7+ Kf5 64. Qf7+ Kg5 65. Qg7+ Kh4 66. Qe7+ Kh5 67. Qe8+ Kg5 68. Qe5+ Kg6) 61. a7 {White mates.} Ke3 62. b8=Q Rh5+ 63. Ka4 Rh4+ 64. Ka3 f2 65. Qg3+ Ke2 66. Rxg2 {Precision: White = 69%, Black = 63%.} 1-0

[Event "Paris GCT 2018-Blitz"]
[Site "Paris"]
[Date "2018.06.24"]
[Round "19"]
[White "Anand, Viswanathan"]
[Black "Caruana, Fabiano"]
[Result "1-0"]
[WhiteElo "2759"]
[BlackElo "2816"]
[Annotator "TA"]
[PlyCount "103"]
[EventDate "2018.06.23"]
[EventType "tourn"]
[EventCountry "FRA"]
[SourceTitle "playchess.com"]
[Source "ChessBase"]
[SourceQuality "1"]

{[%evp 20,103,20,10,25,0,11,18,7,21,12,14,4,23,38,34,34,34,58,58,46,39,37,35,28,10,17,16,14,0,0,8,0,0,0,0,0,0,0,0,0,0,0,0,0,0,0,0,0,0,0,0,0,0,0,-8,-5,-19,0,0,0,0,0,0,0,-839,-742,-12838,-12838,-12839,-12839,-29989,-269,-269,-269,-263,-158,-158,-169,-2026,-2186,-12835,-12835,-12836,12844,12844]} 1. e4 e5 2. Nf3 Nc6 3. Bb5 a6 4. Ba4 Nf6 5. O-O Be7 6. d3 b5 7. Bb3 d6 8. a3 O-O 9. Nc3 h6 {C77: Ruy Lopez: 3...a6 4 Ba4 Nf6, unusual lines} (9... Na5 10. Ba2 Be6 11. b4 Bxa2 12. Rxa2 Nc6 13. Bg5 Ng4 14. Bd2 Nf6 15. Bg5 Ng4 16. Bd2 Nf6 17. Bg5 {½-½ (17) Vachier Lagrave,M (2789)-Carlsen,M (2843) Stavanger 2018}) 10. h3 Re8 11. Nd5 {LiveBook: 5 Games} Bf8 {The position is equal.} 12. c4 $146 ({Predecessor:} 12. c3 Be6 13. Re1 Na5 14. Ba2 c6 15. Nxf6+ Qxf6 16. b4 Nb7 17. d4 Bxa2 18. Rxa2 exd4 19. cxd4 {½-½ (26) Patel,A (2449)-Gareyev,T (2615) Dallas 2017}) 12... Rb8 13. Bd2 bxc4 14. Ba4 Bd7 15. Nxf6+ Qxf6 16. Rc1 Rb7 17. Rxc4 Nb8 $1 18. b4 Bb5 19. Rc3 c5 20. bxc5 dxc5 21. Bb3 Rd7 22. Bd5 (22. Be3 {is more complex.} Red8 23. Ne1 a5 24. Bxc5 Nc6 25. Bd5) 22... Rxd5 $1 23. exd5 {aiming for Re1.} e4 24. dxe4 Bxf1 25. Qxf1 Rxe4 26. Qb1 Re8 27. Re3 Rxe3 28. Bxe3 Nd7 29. Nd2 Qd6 30. Qb7 {With the idea Nc4.} Nf6 31. Nc4 Qxd5 32. Qxa6 Ne4 33. Kh2 Qd3 34. Qa4 $1 h5 35. Ne5 Qd5 36. f4 Nd6 37. Qd7 Qe4 38. Bd2 Qd4 39. Nf3 Qd3 40. a4 $1 c4 $36 {[%cal Bc5c4,Bc4c3,Bc3c2][%mdl 2080] Hoping for ...c3. Black is more active.} 41. Bb4 c3 {White must now prevent ...c2.} 42. Ne5 $2 {[%mdl 8192]} (42. Ng5 $11 h4 43. Bxd6 Qg3+ 44. Kh1 Qe1+ 45. Kh2 Qg3+ 46. Kh1 Qe1+ 47. Kh2 Qg3+) 42... Qd4 43. Bxd6 Qxf4+ 44. Kh1 c2 {[%cal Rc2c1]} 45. Nd3 Qxd6 $2 (45... Qf1+ {mates} 46. Kh2 Qxd3 47. Bxf8 Qxd7 48. Ba3 Qxa4 49. Bc1 Qd4 50. Kg3 h4+ 51. Kf3 Qd1+ 52. Ke3 Qxc1+ 53. Kd3 Qb1 54. Ke4 c1=Q+ 55. Kd5 Qd3+ 56. Ke5 Qg5#) 46. Qxd6 $19 Bxd6 {[%mdl 4096] Endgame KB-KN} 47. a5 Kf8 48. a6 {[#] Strongly threatening a7.} Bc5 $1 {[%mdl 512] And now ...h4 would win.} 49. g4 $2 (49. Kh2) (49. Nxc5 c1=Q+) 49... hxg4 50. hxg4 Ke7 51. Kg2 Kd7 $4 {[%mdl 8192]} (51... Kd6 $19 52. Kf3 Kc7) 52. Nxc5+ {Precision: White = 50%, Black = 64%.} 1-0